| 000 | 01131cab a2200301 4500 | ||
|---|---|---|---|
| 001 | ABS50460 | ||
| 008 | 090401t1994 xxu||||| |||| 00| 0 eng d | ||
| 035 | _a(Sirsi) u75874 | ||
| 041 | _aeng | ||
| 100 | _aPearlman, J.J. | ||
| 245 | _aStopping up or diversion of highways under planning legislation: the user`s perspective | ||
| 260 | _c1994 | ||
| 350 | _a0 | ||
| 490 |
_aJournal of Planning and Environment Law _v(1994) JPL 314-319(6) |
||
| 520 | _aExamines the relationship between stopping up of highways and planning permission for development with reference to "K.C. Holdings (Rhyl) Ltd v SoS for Wales and Colwyn BC" (1990) and "Vasiliou v SoS for Transport and Ladbroke City and Country Land Co." (1991). | ||
| 650 | _aDIVERSION | ||
| 650 | _aFOOTPATHS | ||
| 650 | _aHIGHWAYS ACT 1980 S116 | ||
| 650 | _aHIGHWAYS | ||
| 650 | _aPLANNING PERMISSION | ||
| 650 | _aPUBLIC RIGHTS | ||
| 650 | _aSTOPPING UP | ||
| 650 | _aTOWN AND COUNTRY PLANNING ACT 1990 S247 | ||
| 650 | _aTOWN AND COUNTRY PLANNING ACT 1990 S257 | ||
| 690 | _aHIGHWAYS RIGHTS OF WAY AND EASEMENTS | ||
| 942 | _n0 | ||
| 948 | _c04/03/1997 | ||
| 999 |
_c47732 _d47732 |
||